Quiz sulle Bandiere dell'Oceania - Scelta Multipla - Statistics

Statistiche generali
  • Questo quiz è stato fatto 39 volte
  • Il punteggio medio è 13 su 14
Statistiche sulle risposte
Domanda Risposta % Corretto
Figi
100%
Palau
100%
Vanuatu
100%
Kiribati
97%
Samoa
97%
Isole Salomone
94%
Tonga
94%
Papua Nuova Guinea
92%
Isole Marshall
89%
Micronesia
86%
Australia
83%
Nauru
81%
Tuvalu
81%
Nuova Zelanda
78%
Nessun quiz corrispondente trovato
Distribuzione punteggi
Percentuale di utenti per punteggio
Percentile per numero di risposta
I tuoi punteggi nel tempo
Non hai fatto questo quiz